Trgovina slovenskega zaledja s primorskimi mesti od 13. do konca 16. stoletja /

Hlavní autor: Gestrin, Ferdo
Jazyk: Slovinština
Vydáno: Ljubljana : Slovenska akademija znanosti in umetnosti, 1965
Edice: Slovenska akademija znanosti in umetnosti. Razred za umetnosti ; dela, 15
Fyzický popis: 296 s.
Language note: Francouzské resumé
Knihy
Uloženo v:
LEADER 00851nam a22002412a 4500
001 001355371
003 CZ BrMZK
005 20131218130019.0
007 ta
008 131218s1965 xv er|||||||||||slv d
040 |a BOA001  |b cze 
041 0 |a slv  |b fre 
100 1 |a Gestrin, Ferdo  |4 aut 
245 1 0 |a Trgovina slovenskega zaledja s primorskimi mesti od 13. do konca 16. stoletja /  |c Ferdo Gestrin 
260 |a Ljubljana :  |b Slovenska akademija znanosti in umetnosti,  |c 1965 
300 |a 296 s. 
490 1 |a Slovenska akademija znanosti in umetnosti. Razred za umetnosti ;  |v dela, 15 
546 |a Francouzské resumé 
810 2 |a Slovenska akademija znanosti in umetnosti.  |p Razred za umetnosti.  |t Dela 
910 |a BOA001  |b 2-0544.098 
990 |a BK 
991 |b 201312 
996 7 |b 2619033058  |c 2-0544.098  |l HP2  |r DEN  |n 0  |w 001390278  |u 000010  |a 1  |e BOA001  |j MZK50  |s A